000 00645nam a2200217 a 4500
005 20140310183455.0
008 091116s19uu xx 00 eng d
020 _a978-0749456184
050 _aHF 5549.5.C67
_b.Ar762 2009
100 _aArmstrong, Michael.
245 _aStrategic reward :
_bimplementing more effective reward management.
_cMichael Armstrong.
260 _aU.S.A :
_bKogan Page,
_c2009.
300 _a266 p. :
_c24 cm.
521 _aBSBA
650 _aCompensation management.
650 _aEmployee motivation.
650 _aStrategic planning.
700 _aBrown, Duncan
942 _cBK
_2lcc
_kFOR
999 _c23605
_d23605